Sustainability report 2009 /

Uloženo v:
Podrobná bibliografie
Hlavní autor: Dybczak, Kamil (Autor)
Médium: Kniha
Jazyk:angličtina
Vydáno: Luxembourg : Office for Official Publications of the European Communities, 2009
Vydání:[1st ed.]
Edice:European economy. 9/2009
Témata:
ISBN:9789279113703
ISSN:0379-0991
On-line přístup: Získat plný text
Tagy: Přidat tag
Žádné tagy, Buďte první, kdo vytvoří štítek k tomuto záznamu!

MARC

LEADER 00000nam a2200000 4500
003 SK-BrCVT
005 20220621162759.0
008 100318s2009 lu e ||||||eng d
020 |a 9789279113703 
022 |a 0379-0991 
035 |a CVTIDW1523296 
040 |b slo  |a CVTI SR  |e AACR2 
041 0 |a eng 
044 |a lu 
080 |a 33(4)  |2 UDC-MRF 
080 |a 336  |2 UDC-MRF 
080 |a 314  |2 UDC-MRF 
080 |a 338.124.4  |2 UDC-MRF 
100 1 |a Dybczak, Kamil  |4 aut 
245 1 0 |a Sustainability report 2009 /  |c Authors: Kamil Dybczak ... [et al.] 
250 |a [1st ed.] 
260 |a Luxembourg :  |b Office for Official Publications of the European Communities,  |c 2009 
300 |a XI, 160 s. :  |b grafy, lit., tab. ; 
490 1 |a European economy. 9/2009  |3 1461858 
653 1 |a trvalá udržateľnosť  |a verejné financie  |a demografická zmena  |a ekonomická kríza  |a starnutie populácie  |a pracovná sila  |a finančná kríza  |a vládny dlh 
710 2 |a European Commission (Directorate-General for Economic and Financial Affairs, Brussels)  |4 pbl 
910 |a BA002  |b DK02483 
919 |a 978-92-79-11370-3 
959 |a TS1000 
959 |a TS0500 
959 |a TS0900 
974 |f Knihy 
992 |a APH 
999 |c 152368  |d 152368